[Event "SVK-ch U14"]
[Site "Liptovsky Mikulas"]
[Date "2019.04.29"]
[Round "8"]
[White "Minarik, Martin"]
[Black "Marcin, Richard"]
[Result "0-1"]
[WhiteElo "1000"]
[BlackElo "1072"]
[PlyCount "44"]
[EventDate "2019.04.23"]
[EventType "swiss"]
[EventRounds "9"]
[EventCountry "SVK"]
[SourceTitle "CBM 190 Extra"]
[Source "ChessBase"]
[SourceDate "2019.07.15"]
[SourceVersion "1"]
[SourceVersionDate "2019.07.15"]
[SourceQuality "1"]

1. e4 e5 2. Nc3 Nf6 3. Nf3 Bb4 4. a3 Bxc3 5. bxc3 Nxe4 6. Bd3 Nf6 7. 0-0 0-0 8. c4 e4 9. Bb2 exd3 10. Bxf6 dxc2 11. Qxc2 Qxf6 12. Qe4 d6 13. Rfe1 Bd7 14. h3 Nc6 15. Rab1 Qf5 16. Qxf5 Bxf5 17. Rxb7 Rab8 18. Rxc7 Rb1 19. Rxc6 Rxe1+ 20. Nxe1 Re8 21. Nf3 h6 22. Rxd6 Re4 0-1

[Event "SVK-ch U14"]
[Site "Liptovsky Mikulas"]
[Date "2019.04.25"]
[Round "4"]
[White "Benicky, Jakub Simon"]
[Black "Minarik, Martin"]
[Result "1-0"]
[WhiteElo "1239"]
[BlackElo "1000"]
[PlyCount "51"]
[EventDate "2019.04.23"]
[EventType "swiss"]
[EventRounds "9"]
[EventCountry "SVK"]
[SourceTitle "CBM 190 Extra"]
[Source "ChessBase"]
[SourceDate "2019.07.15"]
[SourceVersion "1"]
[SourceVersionDate "2019.07.15"]
[SourceQuality "1"]

1. d4 d5 2. c4 e6 3. Nf3 Nf6 4. Bg5 Be7 5. e3 0-0 6. Bd3 h6 7. Bh4 c6 8. 0-0 Bd7 9. Nc3 Na6 10. Rc1 Nb4 11. Be2 Rc8 12. Qb3 Qb6 13. c5 Qa5 14. Ne5 Rc7 15. a3 Rcc8 16. Bxf6 Bxf6 17. Nxd7 Rfd8 18. axb4 Qc7 19. Nxf6+ gxf6 20. f3 b6 21. cxb6 axb6 22. e4 dxe4 23. fxe4 Rxd4 24. Nb5 cxb5 25. Rxc7 Rxc7 26. Qg3+ 1-0

[Event "SVK-ch U12"]
[Site "Liptovsky Mikulas"]
[Date "2017.04.22"]
[Round "1"]
[White "Minarik, Martin"]
[Black "Riebesam, Norbert"]
[Result "0-1"]
[WhiteElo "1000"]
[BlackElo "1382"]
[PlyCount "42"]
[EventDate "2017.04.22"]
[EventType "swiss"]
[EventRounds "9"]
[EventCountry "SVK"]
[SourceTitle "CBM 178 Extra"]
[Source "ChessBase"]
[SourceDate "2017.06.22"]
[SourceVersion "1"]
[SourceVersionDate "2017.06.22"]
[SourceQuality "1"]

1. e4 e5 2. Nc3 Nf6 3. Nf3 Nc6 4. d3 Nd4 5. Nd5 Nxf3+ 6. Qxf3 Nxd5 7. exd5 c6 8. Be2 Bd6 9. 0-0 a6 10. Qg3 Qf6 11. Bf3 g6 12. d4 exd4 13. Bh6 Bxg3 14. Rfe1+ Kd8 15. Re2 Kc7 16. hxg3 Kb8 17. Bf4+ d6 18. Rae1 Rd8 19. Re6 fxe6 20. Rxe6 Bxe6 21. dxe6 Qxe6 0-1